| 000 | 00756nam a2200181 u 4500 | ||
|---|---|---|---|
| 001 | 000037598 | ||
| 005 | 20200930080447.0 | ||
| 008 | 120919s19uu es r 000 0 spa d | ||
| 040 |
_aDO-SdBNP _bspa _cBNPHU |
||
| 245 | 0 | 0 |
_aMil obras maestras del arte universal : _bmaravillas eternas ; creaciones geniales / _cDescripciones y comentarios originales de Alejandro Cirici Pellicer. |
| 260 |
_aBarcelona : _bInstituto Gallach de Libreria y Ediciones, _c[194?]. |
||
| 300 |
_aV. : _bil. ; _c30 cm. |
||
| 500 | _aTextos en dos columnas | ||
| 500 | _aLa biblioteca posee el v. 1 | ||
| 505 | 0 |
_gv.1 _tDe los orÃgenes al Románticismo. -- |
|
| 700 | 1 |
_aCirici, Alexandre, _d1914-1982. _964072 |
|
| 710 | 2 |
_aBarcelona. _bInstituto Gallach de libreria y ediciones _964073 |
|
| 999 |
_c37088 _d37088 |
||